000 00413nam a22001697a 4500
003 MPLRDC
005 20220104142925.0
008 210129b ||||| |||| 00| 0 eng d
082 _a176.33 LZE c.3*
100 _a略泽尔著; 何永晋译
245 _a记忆力训练
_c
250 _a一版一刷
260 _a
_b科学普及出版社
_c1984
300 _b
650 _a
942 _cBK
_o176.33 LZE c.3*
999 _c34931
_d34921